Tổng tập văn học dân gian các dân tộc thiểu số Việt Nam
Sách giới thiệu dân ca trữ tình sinh hoạt của các dân tộc thiểu số Việt Nam được trình bày dưới dạng song ngữ và được sắp xếp theo các chủ đề và tiểu chủ đề.
Uloženo v:
| Hlavní autor: | |
|---|---|
| Médium: | Kniha |
| Jazyk: | Undetermined |
| Vydáno: |
Hà Nội
Khoa học Xã hội
2007
|
| Témata: | |
| Tagy: |
Přidat tag
Žádné tagy, Buďte první, kdo otaguje tento záznam!
|
| Thư viện lưu trữ: | Trung tâm Học liệu Trường Đại học Cần Thơ |
|---|
| LEADER | 00960nam a2200193Ia 4500 | ||
|---|---|---|---|
| 001 | CTU_138802 | ||
| 008 | 210402s9999 xx 000 0 und d | ||
| 082 | |a 398.209597 | ||
| 082 | |b T455/T.18 | ||
| 100 | |a Trần, Thị An | ||
| 245 | 0 | |a Tổng tập văn học dân gian các dân tộc thiểu số Việt Nam | |
| 245 | 0 | |c Trần Thị An chủ biên ...[et al.] | |
| 260 | |a Hà Nội | ||
| 260 | |b Khoa học Xã hội | ||
| 260 | |c 2007 | ||
| 520 | |a Sách giới thiệu dân ca trữ tình sinh hoạt của các dân tộc thiểu số Việt Nam được trình bày dưới dạng song ngữ và được sắp xếp theo các chủ đề và tiểu chủ đề. | ||
| 650 | |a Folk literature, vietnamese,Văn học dân gian, Việt Nam | ||
| 904 | |i Trọng Hải (Mã hóa tác giả theo tên sách) | ||
| 980 | |a Trung tâm Học liệu Trường Đại học Cần Thơ | ||